Darstellungen aus dem Gebiethe des Aberglaubens : Zur Belehrung der Unwissenden und zur Beruhigung der Furchtsamen

Další autoři: Kienreich, Johann Andreas, 1759-1845
Jazyk: Němčina
Vydáno: Grätz : Gedruckt und verlegt bey Joh. Andr. Kienreich, 1801
Témata:
Fyzický popis: 8 nečíslovaných stran, 152 stran ; 18 cm
Knihy
Uloženo v:
LEADER 00935nam a22002532i 4500
001 001924677
003 CZ BrMZK
005 20250206134733.0
007 ta
008 250206s1801 au er|||||||||||ger d
040 |a BOA001  |b cze  |e rda 
072 7 |a 094.5  |x Tisky (19. století)  |2 Konspekt  |9 12 
245 0 0 |a Darstellungen aus dem Gebiethe des Aberglaubens :  |b Zur Belehrung der Unwissenden und zur Beruhigung der Furchtsamen 
264 1 |a Grätz :  |b Gedruckt und verlegt bey Joh. Andr. Kienreich,  |c 1801 
300 |a 8 nečíslovaných stran, 152 stran ;  |c 18 cm 
336 |a text  |b txt  |2 rdacontent 
338 |a svazek  |b nc  |2 rdacarrier 
655 7 |a pojednání  |7 fd133056  |2 czenas 
700 1 |a Kienreich, Johann Andreas,  |d 1759-1845  |7 xx0099705  |4 prt  |4 pbl 
910 |a BOA001  |b 1-1538.727 
990 |a BK 
993 |a Y 
991 |b 202502 
996 6 |b 2610993463  |c 1-1538.727  |l MZK  |r Sklad / do 1 hodiny  |n 0  |p dar  |w 001994381  |u 000010  |a 1  |e BOA001  |j MZK50  |s P